Statistics for FIFA 18 Premier League TOTS

Click here to take the quiz!

General Stats

  • This quiz has been taken 147 times
  • The average score is 19 of 23

Answer Stats

Club Rating Player % Correct
Tottenham95Harry Kane
100%
Liverpool98Mohamed Salah
99%
Manchester City97Sergio Agüero
98%
Manchester United97David de Gea
97%
Manchester City96Kevin de Bruyne
95%
Manchester City95David Silva
94%
Manchester United94Romelu Lukaku
92%
Tottenham92Dele Alli
92%
Liverpool93Roberto Firmino
91%
Tottenham95Christian Eriksen
90%
Liverpool90Sadio Mané
88%
Manchester City93Raheem Sterling
85%
Manchester City92Kyle Walker
85%
Manchester City93Leroy Sané
84%
Leicester91Riyad Mahrez
80%
Manchester City93Fernandinho
78%
Tottenham92Jan Vertonghen
77%
Manchester City93Nicolas Otamendi
75%
Tottenham92Heung-Min Son
75%
Burnley87Nick Pope
70%
Chelsea92Cesar Azpilicueta
57%
Manchester United92Nemanja Matic
56%
Manchester United90Ashley Young
56%

Score Distribution

Percentile by Number Answered

Percent of People with Each Score

Your Score History

You have not taken this quiz